Word Ladder: Man of Steel and Secret Identity Quiz Stats

 Plays Quiz Updated Jan 16, 2018

Challenge
Share
Tweet
Embed
Score 0/32 Timer 04:00
0 Plays Today
Hint Answer % Correct
SUPER-HERO to SECRET IDENTITY 1 (5-Letter Ladder)BEAST
96.1%
SUPER-HERO to SECRET IDENTITY 1 (5-Letter Ladder)LEASE
92.4%
SUPER-HERO to SECRET IDENTITY 1 (5-Letter Ladder)LEAST
92.1%
SUPER-HERO to SECRET IDENTITY 1 (5-Letter Ladder)CLASS
92.1%
SUPER-HERO to SECRET IDENTITY 2 (4-Letter Ladder)MEIN
90.8%
SUPER-HERO to SECRET IDENTITY 1 (5-Letter Ladder)• CLARK •
90.1%
SUPER-HERO to SECRET IDENTITY 2 (4-Letter Ladder)LEAN
87.7%
SUPER-HERO to SECRET IDENTITY 2 (4-Letter Ladder)MEAN
87.2%
SUPER-HERO to SECRET IDENTITY 1 (5-Letter Ladder)BLAST
87%
SUPER-HERO to SECRET IDENTITY 2 (4-Letter Ladder)FORM
86.7%
SUPER-HERO to SECRET IDENTITY 2 (4-Letter Ladder)MAIN
86.2%
SUPER-HERO to SECRET IDENTITY 2 (4-Letter Ladder)FOAM
85.5%
SUPER-HERO to SECRET IDENTITY 2 (4-Letter Ladder)FORT
84%
SUPER-HERO to SECRET IDENTITY 1 (5-Letter Ladder)CLAST
82.1%
SUPER-HERO to SECRET IDENTITY 2 (4-Letter Ladder)PANT
81.6%
SUPER-HERO to SECRET IDENTITY 2 (4-Letter Ladder)FONT
81.3%
Hint Answer % Correct
SUPER-HERO to SECRET IDENTITY 1 (5-Letter Ladder)CLANS
79.9%
SUPER-HERO to SECRET IDENTITY 1 (5-Letter Ladder)CLANK
76.9%
SUPER-HERO to SECRET IDENTITY 1 (5-Letter Ladder)PUREE
75.7%
SUPER-HERO to SECRET IDENTITY 2 (4-Letter Ladder)PONT
74.2%
SUPER-HERO to SECRET IDENTITY 1 (5-Letter Ladder)PEASE
73.4%
SUPER-HERO to SECRET IDENTITY 1 (5-Letter Ladder)PURER
72.6%
SUPER-HERO to SECRET IDENTITY 2 (4-Letter Ladder)LOAM
72%
SUPER-HERO to SECRET IDENTITY 1 (5-Letter Ladder)• SUPER •
71.7%
SUPER-HERO to SECRET IDENTITY 2 (4-Letter Ladder)• KENT •
71.1%
SUPER-HERO to SECRET IDENTITY 2 (4-Letter Ladder)KANT
69.8%
SUPER-HERO to SECRET IDENTITY 1 (5-Letter Ladder)PURSE
68.3%
SUPER-HERO to SECRET IDENTITY 1 (5-Letter Ladder)SURER
66.5%
SUPER-HERO to SECRET IDENTITY 2 (4-Letter Ladder)• MANN •
65.1%
SUPER-HERO to SECRET IDENTITY 2 (4-Letter Ladder)LEAD
65.1%
SUPER-HERO to SECRET IDENTITY 2 (4-Letter Ladder)LOAD
63.4%
SUPER-HERO to SECRET IDENTITY 1 (5-Letter Ladder)PERSE
56.5%

Today's Daily Dose

You're not logged in!

Compare scores with friends on all Sporcle quizzes.
Join for Free
OR
Log In

You Might Also Like...

Show Comments

Extras

Top Quizzes Today


Score Distribution

Your Account Isn't Verified!

In order to create a playlist on Sporcle, you need to verify the email address you used during registration. Go to your Sporcle Settings to finish the process.

Report this User

Report this user for behavior that violates our Community Guidelines.

Details: